书目信息 |
| 题名: |
法定公文写作
|
|
| 作者: | 邓乃行 , 林举英 编 | |
| 分册: | ||
| 出版信息: | 广州 华南理工大学出版社 1999.09 |
|
| 页数: | 202页 | |
| 开本: | 32开 | |
| 丛书名: | ||
| 单 册: | ||
| 中图分类: | H152.3 | |
| 科图分类: | ||
| 主题词: | 汉语--写作 , 汉语--修辞 | |
| 电子资源: | ||
| ISBN: | 7-5623-1314-8 | |
| 000 | 00618nam0 2200217 45 | |
| 001 | 0007160064 | |
| 005 | 20120324143838.20 | |
| 010 | @a7-5623-1314-8@d11.50元 | |
| 100 | @a20000716d1999 km y0chiy0120 ea | |
| 101 | 0 | @achi |
| 105 | @a z 000yy | |
| 200 | 1 | @a法定公文写作@AFa Ding Gong Wen Xie Zuo@f邓乃行,林举英编@FDeng Nai Xing,Lin Ju Ying Bian |
| 210 | @a广州@c华南理工大学出版社@d1999.09 | |
| 215 | @a202页@d32开 | |
| 606 | 0 | @a汉语@x写作 |
| 606 | 0 | @a汉语@x修辞 |
| 690 | @aH152.3@v3 | |
| 701 | 0 | @a邓乃行@4编 |
| 701 | 0 | @a林举英@4编 |
| 801 | @aCN@bPftUser@c20000716 | |
| 905 | @b71667-671@dH152.3@eD893@f5 | |
| 法定公文写作/邓乃行,林举英编.-广州:华南理工大学出版社,1999.09 |
| 202页;32开 |
| ISBN 7-5623-1314-8:11.50元 |
| ● |
| 相关链接 |
|
|
|
正题名:法定公文写作
索取号:H152.3/D893
 
预约/预借
| 序号 | 登录号 | 条形码 | 馆藏地/架位号 | 状态 | 备注 |
| 1 | 71667 | 200716671 | 语言库209/209语言库 74排3列4层/ [索取号:H152.3/D893] | 在馆 | |
| 2 | 71668 | 200716680 | 语言库209/209语言库 74排3列4层/ [索取号:H152.3/D893] | 在馆 | |
| 3 | 71669 | 200716699 | 语言库209/209语言库 74排3列4层/ [索取号:H152.3/D893] | 在馆 | |
| 4 | 71670 | 200716706 | 语言库209/209语言库 74排3列4层/ [索取号:H152.3/D893] | 在馆 | |
| 5 | 71671 | 200716715 | 语言库209/209语言库 74排3列4层/ [索取号:H152.3/D893] | 在馆 |